Southville International School and Colleges
Your cart is empty.
  • Cart
  • Lists
    Public lists Eva Luna New books Lux_list list_1
    Your lists Log in to create your own lists
  • Log in to your account
  • Your cookies
  • Search history
Southville International School and Colleges
  • Advanced search
  • Recent comments
  • Most popular
  • Libraries

Log in to your account

Log in with GOOGLE


If you do not have an external account, but do have a local account, you can still log in:

  1. Home
  2. MARC view: Lucky's world of cats /
Normal view MARC view ISBD view

Lucky's world of cats / (Record no. 112609)

[ view plain ]
MARC details
000 -LEADER
fixed length control field 00514nam a2200169 a 4500
001 - CONTROL NUMBER
control field 0311
005 - DATE AND TIME OF LATEST TRANSACTION
control field 20140414131942.0
008 - FIXED-LENGTH DATA ELEMENTS--GENERAL INFORMATION
fixed length control field 040909s19uu xx 00 eng d
020 ## - INTERNATIONAL STANDARD BOOK NUMBER
International Standard Book Number 1-86896-896-X
050 ## - LIBRARY OF CONGRESS CALL NUMBER
Classification number TR 372.5
Item number Lu96 1999
100 ## - MAIN ENTRY--PERSONAL NAME
Personal name Carey, Sam
245 ## - TITLE STATEMENT
Title Lucky's world of cats /
Statement of responsibility, etc by Sam Carey ; illustrated by Steve Verhagen.
260 ## - PUBLICATION, DISTRIBUTION, ETC. (IMPRINT)
Place of publication, distribution, etc Australia :
Name of publisher, distributor, etc Scholastic Australia Pty.,
Date of publication, distribution, etc 1999.
300 ## - PHYSICAL DESCRIPTION
Extent 32 p. : ill. ; cm.
650 ## - SUBJECT ADDED ENTRY--TOPICAL TERM
Topical term or geographic name as entry element Creative activities
General subdivision Juvenile literature.
Holdings
Withdrawn status Lost status Damaged status Use restrictions Home library Current library Shelving location Date acquired Source of acquisition Total Checkouts Full call number Barcode Date last seen Price effective from Koha item type
        Munich Library Munich Library Teachers Reference Section 09/09/2004     TR 372.5 Lu96 1999 M3960 04/14/2014 04/14/2014 Books

Lucky's world of cats /

APA

Carey S., . (1999). Lucky's world of cats. Australia: Scholastic Australia Pty.

Chicago

Carey Sam, . 1999. Lucky's world of cats. Australia: Scholastic Australia Pty.

Harvard

Carey S., . (1999). Lucky's world of cats. Australia: Scholastic Australia Pty.

MLA

Carey Sam, . Lucky's world of cats. Australia: Scholastic Australia Pty. 1999.

  • Place hold
  • Print
  • Cite
  • Add to your cart (remove)
  • Save record
    BIBTEX Dublin Core MARCXML MARC (non-Unicode/MARC-8) MARC (Unicode/UTF-8) MARC (Unicode/UTF-8, Standard) MODS (XML) RIS
  • More searches
    Search for this title in:
    Other Libraries (WorldCat) Other Databases (Google Scholar) Online Stores (Bookfinder.com) Open Library (openlibrary.org)

Exporting to Dublin Core...

SOUTHVILLE LIBRARY

Southville International School and Colleges Library

1281 Tropical Ave. Cor. Luxembourg St., BF Homes International, Las Pinas City

Tel. No. 8256374 / 252358 Loc. 117/146

Powered by Koha